Annual Report on Exchange Arrangements and Exchange Restrictions 2018.

The Annual Report on Exchange Arrangements and Exchange Restrictions has been published by the IMF since 1950. It draws on information available to the IMF from a number of sources, including that provided in the course of official staff visits to member countries, and has been prepared in close con...

Popoln opis

Bibliografske podrobnosti
Korporativna značnica: International Monetary Fund. Monetary and Capital Markets Department
Format: Revija
Jezik:English
Izdano: Washington, D.C. : International Monetary Fund, 2019.
Serija:Annual Report on Exchange Arrangements and Exchange Restrictions
Teme:
Online dostop:Full text available on IMF
LEADER 01618cas a2200277 a 4500
001 AALejournalIMF022071
008 230101c9999 xx r poo 0 0eng d
020 |c 50.00 USD 
020 |z 9781484396773 
022 |a 0250-7366 
040 |a BD-DhAAL  |c BD-DhAAL 
110 2 |a International Monetary Fund.  |b Monetary and Capital Markets Department. 
245 1 0 |a Annual Report on Exchange Arrangements and Exchange Restrictions 2018. 
264 1 |a Washington, D.C. :  |b International Monetary Fund,  |c 2019. 
300 |a 1 online resource (3722 pages) 
490 1 |a Annual Report on Exchange Arrangements and Exchange Restrictions 
500 |a <strong>Off-Campus Access:</strong> No User ID or Password Required 
500 |a <strong>On-Campus Access:</strong> No User ID or Password Required 
506 |a Electronic access restricted to authorized BRAC University faculty, staff and students 
520 3 |a The Annual Report on Exchange Arrangements and Exchange Restrictions has been published by the IMF since 1950. It draws on information available to the IMF from a number of sources, including that provided in the course of official staff visits to member countries, and has been prepared in close consultation with national authorities. 
538 |a Mode of access: Internet 
650 7 |a Investment Decisions  |2 imf 
650 7 |a Monetary Policy  |2 imf 
650 7 |a Portfolio Choice  |2 imf 
830 0 |a Annual Report on Exchange Arrangements and Exchange Restrictions 
856 4 0 |z Full text available on IMF  |u http://elibrary.imf.org/view/books/012/25419-9781484396773-en/25419-9781484396773-en-book.xml  |z IMF e-Library